[Event "Pardubice Czech op-E 34th"]
[Site "Pardubice"]
[Date "2023.07.15"]
[Round "5"]
[White "Bach, Ulf"]
[Black "Pavlik, Vladimir"]
[Result "0-1"]
[WhiteElo "2009"]
[BlackElo "1964"]
[PlyCount "54"]
[EventDate "2023.07.13"]
[EventType "team-swiss"]
[EventRounds "7"]
[EventCountry "CZE"]
[SourceTitle "CBM 215 Extra"]
[Source "ChessBase"]
[SourceDate "2023.09.30"]
[SourceVersion "1"]
[SourceVersionDate "2023.09.30"]
[SourceQuality "1"]
[WhiteTeam "Grossschoenau"]
[BlackTeam "Klatovy Sokol"]
[WhiteTeamCountry "GER"]
[BlackTeamCountry "CZE"]

1. d4 Nf6 2. Nf3 e6 3. Bg5 Be7 4. Nbd2 d5 5. e3 0-0 6. Bd3 Nbd7 7. c3 h6 8. Bxf6 Nxf6 9. Ne5 c5 10. f4 b6 11. Qf3 Bb7 12. g4 Nd7 13. Nxd7 Qxd7 14. h4 f6 15. g5 fxg5 16. hxg5 Bxg5 17. Qh5 Bxf4 18. exf4 Rxf4 19. 0-0-0 cxd4 20. cxd4 Qf7 21. Bg6 Qf6 22. Rhf1 Ba6 23. Rxf4 Qxf4 24. Qe5 Rc8+ 25. Kb1 Qg4 26. Bc2 Bd3 27. Rc1 Rxc2 0-1

[Event "South Moravia Region-chT 2223"]
[Site "Czech Republic"]
[Date "2023.03.19"]
[Round "10.2"]
[White "Pavlik, Vladimir"]
[Black "Sipek, Michal"]
[Result "1-0"]
[WhiteElo "1906"]
[BlackElo "1984"]
[PlyCount "37"]
[EventDate "2022.10.09"]
[EventType "team-tourn"]
[EventRounds "11"]
[EventCountry "CZE"]
[SourceTitle "EXT 2024"]
[Source "ChessBase"]
[SourceDate "2023.10.10"]
[SourceVersion "1"]
[SourceVersionDate "2023.10.10"]
[SourceQuality "1"]

1. e4 d6 2. Bc4 Nf6 3. d3 c6 4. Bg5 Nbd7 5. Nf3 h6 6. Bh4 g6 7. 0-0 Bg7 8. c3 Nc5 9. e5 dxe5 10. Nxe5 Be6 11. Nd2 Bxc4 12. Ndxc4 Qd5 13. d4 Ne6 14. f4 g5 15. fxg5 hxg5 16. Bg3 0-0-0 17. Qa4 Nd7 18. Qxa7 Bxe5 19. Bxe5 1-0

[Event "South Moravia Region-chT 2223"]
[Site "Czech Republic"]
[Date "2023.02.26"]
[Round "9.3"]
[White "Pavlik, Vladimir"]
[Black "Dvorakova, Olga"]
[Result "1-0"]
[WhiteElo "1906"]
[BlackElo "1972"]
[PlyCount "35"]
[EventDate "2022.10.09"]
[EventType "team-tourn"]
[EventRounds "11"]
[EventCountry "CZE"]
[SourceTitle "EXT 2024"]
[Source "ChessBase"]
[SourceDate "2023.10.10"]
[SourceVersion "1"]
[SourceVersionDate "2023.10.10"]
[SourceQuality "1"]

1. e4 c6 2. d4 d5 3. exd5 cxd5 4. c4 Nf6 5. Nc3 e6 6. cxd5 Nxd5 7. Bd3 Be7 8. Nf3 0-0 9. 0-0 Nc6 10. Re1 b6 11. Nxd5 Qxd5 12. Be4 Qd6 13. Ne5 Bb7 14. Bf4 Rfe8 15. Bxh7+ Kxh7 16. Qh5+ Kg8 17. Qxf7+ Kh7 18. Re3 1-0

[Event "South Moravia Region-chT 2223"]
[Site "Czech Republic"]
[Date "2022.11.13"]
[Round "3.3"]
[White "Vrtal, Jaroslav"]
[Black "Pavlik, Vladimir"]
[Result "1/2-1/2"]
[WhiteElo "2001"]
[BlackElo "1906"]
[PlyCount "77"]
[EventDate "2022.10.09"]
[EventType "team-tourn"]
[EventRounds "11"]
[EventCountry "CZE"]
[SourceTitle "EXT 2024"]
[Source "ChessBase"]
[SourceDate "2023.10.10"]
[SourceVersion "1"]
[SourceVersionDate "2023.10.10"]
[SourceQuality "1"]

1. d4 Nf6 2. Nf3 e6 3. e3 c5 4. c3 b6 5. Bd3 Bb7 6. Nbd2 d5 7. 0-0 Bd6 8. Qe2 0-0 9. dxc5 Bxc5 10. e4 Nc6 11. e5 Nd7 12. Nb3 h6 13. Bc2 Re8 14. Re1 Qc7 15. Bf4 f5 16. h4 Nf8 17. Rad1 Qf7 18. Nfd4 Ng6 19. Bg3 Be7 20. h5 Nh4 21. Nxc6 Bxc6 22. Rd4 g5 23. hxg6 Nxg6 24. Rdd1 Ba4 25. Rd4 Bc6 26. Qd2 Bg5 27. f4 Be7 28. Rd3 Ba4 29. Bf2 Kh7 30. Bd1 Rg8 31. Bh5 Rg7 32. Rg3 Rag8 33. Ree3 Bxb3 34. axb3 Bc5 35. Rd3 Qe7 36. Bxg6+ Rxg6 37. Rxg6 Rxg6 38. b4 Bxf2+ 39. Qxf2 1/2-1/2

[Event "CZE-chT U18 Extraliga final-B 1718"]
[Site "Czech Republic"]
[Date "2018.04.22"]
[Round "11.2"]
[White "Pavlik, Vladimir"]
[Black "Spicka, Jan"]
[Result "1/2-1/2"]
[WhiteElo "1687"]
[BlackElo "2015"]
[PlyCount "57"]
[EventDate "2017.10.07"]
[EventType "team-tourn"]
[EventRounds "11"]
[EventCountry "CZE"]
[SourceTitle "EXT 2023"]
[Source "ChessBase"]
[SourceDate "2022.10.05"]
[SourceVersion "1"]
[SourceVersionDate "2022.10.05"]
[SourceQuality "1"]
[WhiteTeam "Kurim (U18)"]
[BlackTeam "Karlovy Vary (U18)"]
[WhiteTeamCountry "CZE"]
[BlackTeamCountry "CZE"]

1. e4 c5 2. c3 d5 3. exd5 Qxd5 4. d4 cxd4 5. cxd4 Nc6 6. Nf3 e5 7. Nxe5 Nxe5 8. dxe5 Qxe5+ 9. Be2 Bd6 10. Nc3 Nf6 11. g3 Qe6 12. 0-0 0-0 13. Bf3 Re8 14. Qb3 Qxb3 15. axb3 a6 16. Rd1 Be5 17. Bg2 Rb8 18. Be3 Be6 19. b4 Bd7 20. Rd2 h6 21. Bd4 Bxd4 22. Rxd4 Rec8 23. Rd6 Bc6 24. Bxc6 Rxc6 25. Rxc6 bxc6 26. Rxa6 Rxb4 27. Rxc6 Rxb2 28. Rc8+ Kh7 29. Rc7 1/2-1/2

[Event "CZE-chT U18 Extraliga final-B 1718"]
[Site "Czech Republic"]
[Date "2018.04.21"]
[Round "10.2"]
[White "Lhotsky, Zdenek"]
[Black "Pavlik, Vladimir"]
[Result "1-0"]
[WhiteElo "1775"]
[BlackElo "1687"]
[PlyCount "101"]
[EventDate "2017.10.07"]
[EventType "team-tourn"]
[EventRounds "11"]
[EventCountry "CZE"]
[SourceTitle "EXT 2023"]
[Source "ChessBase"]
[SourceDate "2022.10.05"]
[SourceVersion "1"]
[SourceVersionDate "2022.10.05"]
[SourceQuality "1"]
[WhiteTeam "Praha Promat Oaza (U18)"]
[BlackTeam "Kurim (U18)"]
[WhiteTeamCountry "CZE"]
[BlackTeamCountry "CZE"]

1. e4 d6 2. d4 Nf6 3. Nc3 Nbd7 4. Nf3 e5 5. Bc4 Be7 6. a4 c6 7. 0-0 0-0 8. Re1 Qc7 9. h3 a5 10. dxe5 dxe5 11. Bg5 Rd8 12. Qe2 Nf8 13. Nh4 g6 14. Qf3 Kg7 15. Rad1 Be6 16. Bd3 h6 17. Be3 Nh5 18. Nf5+ Bxf5 19. exf5 Nf6 20. Ne4 N8h7 21. Nc5 Bxc5 22. Bxc5 e4 23. Qe3 exd3 24. Bb6 Qc8 25. Bxd8 Qxd8 26. Rxd3 Qc7 27. fxg6 fxg6 28. Qe7+ Qxe7 29. Rxe7+ Kg8 30. Rxb7 Nd5 31. Rdb3 Nhf6 32. Rb8+ Rxb8 33. Rxb8+ Kf7 34. Ra8 Nb4 35. Rxa5 Nxc2 36. Ra7+ Ke6 37. Rb7 Nd5 38. Kf1 Kd6 39. g3 c5 40. a5 Ncb4 41. Ke2 h5 42. Kf3 Ke5 43. Rg7 Kf6 44. Rg8 Nc6 45. Rc8 Nde7 46. Ra8 Ke6 47. a6 Kd7 48. a7 Ke6 49. Ke4 c4 50. f4 h4 51. g4 1-0

[Event "CZE-chT U18 Extraliga final-B 1718"]
[Site "Czech Republic"]
[Date "2018.04.21"]
[Round "9.2"]
[White "Pavlik, Vladimir"]
[Black "Otruba, Marek"]
[Result "1-0"]
[WhiteElo "1687"]
[BlackElo "1953"]
[PlyCount "23"]
[EventDate "2017.10.07"]
[EventType "team-tourn"]
[EventRounds "11"]
[EventCountry "CZE"]
[SourceTitle "EXT 2023"]
[Source "ChessBase"]
[SourceDate "2022.10.05"]
[SourceVersion "1"]
[SourceVersionDate "2022.10.05"]
[SourceQuality "1"]
[WhiteTeam "Kurim (U18)"]
[BlackTeam "Ricany (U18)"]
[WhiteTeamCountry "CZE"]
[BlackTeamCountry "CZE"]

1. e4 c5 2. c3 d5 3. exd5 Qxd5 4. d4 Nc6 5. Nf3 Bf5 6. Be3 Nf6 7. Nbd2 cxd4 8. Bc4 Qd6 9. Nxd4 Nxd4 10. cxd4 g6 11. Qb3 Bg7 12. Bxf7+ 1-0

[Event "CZE-chT U18 Extraliga Ost 1718"]
[Site "Czech Republic"]
[Date "2018.01.20"]
[Round "7.2"]
[White "Sajdl, Jan"]
[Black "Pavlik, Vladimir"]
[Result "1/2-1/2"]
[WhiteElo "1688"]
[BlackElo "1687"]
[PlyCount "57"]
[EventDate "2017.10.07"]
[EventType "team-tourn"]
[EventRounds "11"]
[EventCountry "CZE"]
[SourceTitle "EXT 2023"]
[Source "ChessBase"]
[SourceDate "2022.10.05"]
[SourceVersion "1"]
[SourceVersionDate "2022.10.05"]
[SourceQuality "1"]
[WhiteTeam "Jicin (U18)"]
[BlackTeam "Kurim (U18)"]
[WhiteTeamCountry "CZE"]
[BlackTeamCountry "CZE"]

1. e4 d6 2. d4 Nf6 3. Nc3 Nbd7 4. f4 e5 5. Nf3 exd4 6. Qxd4 c6 7. Be3 d5 8. 0-0-0 Bc5 9. Qd3 Bxe3+ 10. Qxe3 dxe4 11. Nxe4 0-0 12. Nd6 Nd5 13. Qd4 Qf6 14. Qxf6 N7xf6 15. Nxc8 Raxc8 16. g3 Rfe8 17. Bh3 Rcd8 18. Rhe1 Kf8 19. Ne5 Nb6 20. c3 Nfd5 21. c4 Nc7 22. b3 f6 23. Nf3 a5 24. Kc2 h6 25. Rxe8+ Rxe8 26. Nd4 Kf7 27. Rd2 a4 28. Nf5 Kf8 29. Nd4 1/2-1/2

[Event "Morava-ch U16"]
[Site "Loucna nad Desnou"]
[Date "2017.10.26"]
[Round "4"]
[White "Kopec, Ladislav1111"]
[Black "Pavlik, Vladimir"]
[Result "1/2-1/2"]
[WhiteElo "1777"]
[BlackElo "1687"]
[PlyCount "46"]
[EventDate "2017.10.24"]
[EventType "swiss"]
[EventRounds "9"]
[EventCountry "CZE"]
[SourceTitle "EXT 2020"]
[Source "ChessBase"]
[SourceDate "2019.10.17"]
[SourceVersion "1"]
[SourceVersionDate "2019.10.17"]
[SourceQuality "1"]

1. Nf3 Nf6 2. d4 e6 3. Bg5 d5 4. e3 Be7 5. Bd3 h6 6. Bh4 Nbd7 7. 0-0 0-0 8. c4 c5 9. Nc3 b6 10. Qc2 Bb7 11. Rfd1 Rc8 12. b3 a6 13. Qb2 Ne4 14. Bxe7 Qxe7 15. Rac1 Qf6 16. Be2 Nxc3 17. Rxc3 Rfd8 18. Rc2 Rc7 19. Rcd2 Rdc8 20. Qb1 g5 21. h3 Kg7 22. Nh2 Qe7 23. Nf1 Nf6 1/2-1/2

[Event "Morava-ch U16"]
[Site "Loucna nad Desnou"]
[Date "2017.10.25"]
[Round "2"]
[White "Szotkowski, David"]
[Black "Pavlik, Vladimir"]
[Result "1/2-1/2"]
[WhiteElo "1997"]
[BlackElo "1687"]
[PlyCount "63"]
[EventDate "2017.10.24"]
[EventType "swiss"]
[EventRounds "9"]
[EventCountry "CZE"]
[SourceTitle "EXT 2020"]
[Source "ChessBase"]
[SourceDate "2019.10.17"]
[SourceVersion "1"]
[SourceVersionDate "2019.10.17"]
[SourceQuality "1"]

1. c4 c6 2. Nc3 d5 3. e3 Nf6 4. Nf3 Nbd7 5. d4 e6 6. Qc2 Be7 7. g4 Nxg4 8. Rg1 f5 9. h3 Ngf6 10. Rxg7 Ne4 11. Bd2 Bf6 12. Rg1 Qe7 13. a3 Nf8 14. Nxe4 fxe4 15. Bb4 Qc7 16. Ne5 a5 17. Bc3 Bxe5 18. dxe5 Ng6 19. Rg5 Qe7 20. Rg1 Qc7 21. 0-0-0 Rf8 22. Rg5 Bd7 23. Bd4 b6 24. Kb1 0-0-0 25. Qb3 c5 26. cxd5 a4 27. Qa2 exd5 28. Bc3 Be6 29. b4 c4 30. Qc2 b5 31. Bd4 Rf7 32. Qb2 1/2-1/2

[Event "CZE-chT2E 1718"]
[Site "Czech Republic"]
[Date "2017.10.15"]
[Round "1.8"]
[White "Pavlik, Vladimir"]
[Black "Sudrich, Radek"]
[Result "1-0"]
[WhiteElo "1687"]
[BlackElo "2007"]
[PlyCount "55"]
[EventDate "2017.10.15"]
[EventType "team-tourn"]
[EventRounds "11"]
[EventCountry "CZE"]
[SourceTitle "EXT 2022"]
[Source "ChessBase"]
[SourceDate "2021.10.06"]
[SourceVersion "1"]
[SourceVersionDate "2021.10.06"]
[SourceQuality "1"]
[WhiteTeam "Kurim"]
[BlackTeam "Kromeriz Slavia II"]
[WhiteTeamCountry "CZE"]
[BlackTeamCountry "CZE"]

1. e4 e5 2. Nf3 Nf6 3. Nc3 Nc6 4. Bb5 Bc5 5. 0-0 d6 6. Bxc6+ bxc6 7. d4 exd4 8. Nxd4 Bxd4 9. Qxd4 c5 10. Qd3 h6 11. Qg3 Kf8 12. Re1 Rb8 13. b3 Nh5 14. Qe3 Bb7 15. e5 Qd7 16. f3 Re8 17. Qf2 g5 18. Ba3 Rg8 19. exd6 cxd6 20. Rxe8+ Qxe8 21. Rd1 Rg6 22. Rxd6 Rxd6 23. Bxc5 Qe5 24. Nb5 Qa1+ 25. Qf1 Qxa2 26. Nxd6 Bc6 27. Nf5+ Kg8 28. Ne7+ 1-0

[Event "CZE-chT U18 Extraliga Ost 1718"]
[Site "Czech Republic"]
[Date "2017.10.07"]
[Round "2.2"]
[White "Pavlik, Vladimir"]
[Black "Hronek, Martin"]
[Result "1/2-1/2"]
[WhiteElo "1687"]
[BlackElo "1895"]
[PlyCount "96"]
[EventDate "2017.10.07"]
[EventType "team-tourn"]
[EventRounds "11"]
[EventCountry "CZE"]
[SourceTitle "EXT 2023"]
[Source "ChessBase"]
[SourceDate "2022.10.05"]
[SourceVersion "1"]
[SourceVersionDate "2022.10.05"]
[SourceQuality "1"]
[WhiteTeam "Kurim (U18)"]
[BlackTeam "Stare Mesto (U18)"]
[WhiteTeamCountry "CZE"]
[BlackTeamCountry "CZE"]

1. e4 c5 2. c3 Nf6 3. e5 Nd5 4. d4 cxd4 5. Nf3 e6 6. cxd4 b6 7. Bd3 Ba6 8. 0-0 Be7 9. a3 0-0 10. Bxa6 Nxa6 11. Qd3 Nb8 12. Nc3 Nxc3 13. bxc3 d5 14. exd6 Qxd6 15. g3 Nd7 16. Bf4 Qc6 17. c4 Rac8 18. Rac1 Nf6 19. Rfe1 Rfd8 20. Qb3 Bd6 21. Bg5 Be7 22. d5 Qd6 23. dxe6 Qxa3 24. exf7+ Kxf7 25. Qxa3 Bxa3 26. Ra1 Bc5 27. Rxa7+ Kg8 28. Bxf6 gxf6 29. Ra4 Ra8 30. Rxa8 Rxa8 31. Re2 Ra3 32. Kg2 Rc3 33. Nd2 Kf7 34. Ne4 Rxc4 35. Nxc5 Rxc5 36. Kf3 b5 37. Re4 Rc6 38. Rb4 Rb6 39. Ke3 Ke6 40. Kd4 Kd6 41. g4 Kc6 42. h4 Rb7 43. g5 fxg5 44. hxg5 Rf7 45. Ke3 Kc5 46. Rb1 b4 47. f4 Rb7 48. Ke4 Kd6 1/2-1/2

[Event "CZE-chT U18 Extraliga Ost 1718"]
[Site "Czech Republic"]
[Date "2017.10.07"]
[Round "1.2"]
[White "Szotkowski, David"]
[Black "Pavlik, Vladimir"]
[Result "0-1"]
[WhiteElo "1997"]
[BlackElo "1687"]
[PlyCount "88"]
[EventDate "2017.10.07"]
[EventType "team-tourn"]
[EventRounds "11"]
[EventCountry "CZE"]
[SourceTitle "EXT 2023"]
[Source "ChessBase"]
[SourceDate "2022.10.05"]
[SourceVersion "1"]
[SourceVersionDate "2022.10.05"]
[SourceQuality "1"]
[WhiteTeam "Frydek Mistek Interchess (U18)"]
[BlackTeam "Kurim (U18)"]
[WhiteTeamCountry "CZE"]
[BlackTeamCountry "CZE"]

1. d4 Nf6 2. c4 e6 3. Nc3 Bb4 4. Nf3 0-0 5. e3 Bxc3+ 6. bxc3 b6 7. Bd3 Bb7 8. 0-0 d6 9. Re1 Be4 10. Ba3 Nbd7 11. Bxe4 Nxe4 12. Qd3 f5 13. Nd2 Nxd2 14. Qxd2 Qf6 15. Rad1 e5 16. c5 e4 17. c4 Rfd8 18. cxd6 cxd6 19. Qb4 Rac8 20. Qxd6 Qxd6 21. Bxd6 Rxc4 22. Rc1 Rdc8 23. Ba3 Nf6 24. Kf1 Kf7 25. Rxc4 Rxc4 26. Rc1 Rxc1+ 27. Bxc1 Ke6 28. Ke2 Kd5 29. Ba3 Kc4 30. f3 Kc3 31. fxe4 fxe4 32. Bd6 Nd5 33. a3 a5 34. g4 b5 35. h4 a4 36. Be5 g6 37. Kd1 Nxe3+ 38. Kc1 Nd5 39. h5 gxh5 40. gxh5 e3 41. h6 Kd3 42. Kd1 e2+ 43. Ke1 Ne3 44. d5 Nc2+ 0-1

[Event "CZE-ch U16"]
[Site "Kouty nad Desnou"]
[Date "2017.03.17"]
[Round "8"]
[White "Pavlik, Vladimir"]
[Black "Vraj, Karel"]
[Result "0-1"]
[WhiteElo "1719"]
[BlackElo "1783"]
[PlyCount "116"]
[EventDate "2017.03.11"]
[EventType "swiss"]
[EventRounds "9"]
[EventCountry "CZE"]
[SourceTitle "CBM 177 Extra"]
[Source "ChessBase"]
[SourceDate "2017.04.27"]
[SourceVersion "1"]
[SourceVersionDate "2017.04.27"]
[SourceQuality "1"]

1. e4 e5 2. Nf3 Nc6 3. Bb5 a6 4. Ba4 b5 5. Bb3 Nf6 6. d4 exd4 7. 0-0 d6 8. h3 Be7 9. Re1 0-0 10. a3 Bb7 11. Bf4 Na5 12. Nbd2 Nxb3 13. cxb3 c5 14. Rc1 Rc8 15. Qc2 Qb6 16. Qd3 Rfd8 17. b4 Nh5 18. Bh2 Qc6 19. Nxd4 Qd7 20. Nf5 Bf8 21. Ne3 c4 22. Qc2 Nf6 23. Rcd1 d5 24. e5 Ne8 25. Nf3 Nc7 26. Ng5 g6 27. Ng4 Bg7 28. Nf6+ Bxf6 29. exf6 Re8 30. Be5 h6 31. Nf3 Kh7 32. Rd4 Qf5 33. Qxf5 gxf5 34. Nh4 Ne6 35. Rdd1 Rcd8 36. Nxf5 Nf8 37. Nd6 Rxe5 38. Rxe5 Rxd6 39. Re7 Rd7 40. Rde1 Kg6 41. Re8 Ne6 42. Rh8 d4 43. Rd1 d3 44. f3 Nd4 45. Kf2 Nc2 46. Rd2 Nxa3 47. g4 Nc2 48. f4 Nxb4 49. f5+ Kxf6 50. Rxh6+ Kg7 51. g5 Nc6 52. f6+ Kg8 53. Rd1 b4 54. Re1 Rd8 55. Re4 Ne5 56. Rxe5 d2 57. g6 d1Q 58. gxf7+ Kf8 0-1

[Event "CZE-ch U16"]
[Site "Kouty nad Desnou"]
[Date "2017.03.13"]
[Round "4"]
[White "Pavlik, Vladimir"]
[Black "Miesbauer, Jan"]
[Result "0-1"]
[WhiteElo "1719"]
[BlackElo "2191"]
[PlyCount "84"]
[EventDate "2017.03.11"]
[EventType "swiss"]
[EventRounds "9"]
[EventCountry "CZE"]
[SourceTitle "CBM 177 Extra"]
[Source "ChessBase"]
[SourceDate "2017.04.27"]
[SourceVersion "1"]
[SourceVersionDate "2017.04.27"]
[SourceQuality "1"]

1. e4 c5 2. c3 d5 3. exd5 Qxd5 4. d4 e5 5. Nf3 e4 6. Ne5 Be6 7. Qa4+ Nd7 8. Bc4 Qd6 9. Bxe6 Qxe6 10. Nxd7 Qxd7 11. Qxd7+ Kxd7 12. Be3 b6 13. Nd2 Nf6 14. 0-0-0 Kc6 15. Rhe1 Re8 16. c4 Ng4 17. d5+ Kd7 18. h3 Nxe3 19. Rxe3 f5 20. f3 g6 21. fxe4 Bh6 22. Ra3 fxe4 23. Rxa7+ Kd6 24. Kc2 Ke5 25. Rf1 Kd4 26. b3 Ra8 27. Rxa8 Rxa8 28. a4 Rf8 29. Re1 Be3 30. Re2 Rf6 31. g3 h5 32. h4 Rf2 33. Rxf2 Bxf2 34. Nf1 e3 35. d6 e2 36. d7 exf1Q 37. d8Q+ Ke3 38. Qxb6 Qd3+ 39. Kc1 Ke2 40. a5 Qc3+ 41. Kb1 Bd4 42. Qe6+ Kd1 0-1

[Event "CZE-ch U16"]
[Site "Kouty nad Desnou"]
[Date "2017.03.11"]
[Round "1"]
[White "Nehyba, Martin"]
[Black "Pavlik, Vladimir"]
[Result "0-1"]
[WhiteElo "2029"]
[BlackElo "1719"]
[PlyCount "64"]
[EventDate "2017.03.11"]
[EventType "swiss"]
[EventRounds "9"]
[EventCountry "CZE"]
[SourceTitle "CBM 177 Extra"]
[Source "ChessBase"]
[SourceDate "2017.04.27"]
[SourceVersion "1"]
[SourceVersionDate "2017.04.27"]
[SourceQuality "1"]

1. e4 c5 2. Nf3 Nc6 3. d4 cxd4 4. Nxd4 g6 5. Nc3 Bg7 6. Be3 Nf6 7. f3 0-0 8. Bc4 Qb6 9. Ncb5 a6 10. Qe2 axb5 11. Ne6 Qa5+ 12. Bd2 Qa7 13. Nxf8 bxc4 14. e5 Ne8 15. Nxh7 Kxh7 16. f4 Qa4 17. c3 d6 18. h4 dxe5 19. h5 Kg8 20. h6 Bf6 21. g4 exf4 22. Bxf4 Ra5 23. Rd1 Bg5 24. Bxg5 Rxg5 25. h7+ Kh8 26. Rd8 Nxd8 27. Qxe7 Ne6 28. Qxf7 Re5+ 29. Kf2 Qc2+ 30. Kg3 Qd3+ 31. Kh4 g5+ 32. Kh5 Qxh7+ 0-1

[Event "EU-ch U14 26th"]
[Site "Prague"]
[Date "2016.08.26"]
[Round "8"]
[White "Pavlik, Vladimir"]
[Black "Haase, Pavel"]
[Result "1/2-1/2"]
[WhiteElo "1749"]
[BlackElo "2012"]
[PlyCount "87"]
[EventDate "2016.08.18"]
[EventType "swiss"]
[EventRounds "9"]
[EventCountry "CZE"]
[SourceTitle "CBM 174 Extra"]
[Source "ChessBase"]
[SourceDate "2016.10.10"]
[SourceVersion "1"]
[SourceVersionDate "2016.10.10"]
[SourceQuality "1"]

1. e4 c5 2. c3 d5 3. exd5 Qxd5 4. d4 cxd4 5. cxd4 Nc6 6. Nf3 Bg4 7. Be2 e6 8. Nc3 Qd7 9. Be3 Nf6 10. 0-0 Bd6 11. Qb3 0-0 12. Rfd1 Na5 13. Qb5 Qxb5 14. Nxb5 Bb8 15. Nc3 Rd8 16. Rac1 Nc6 17. a3 Bd6 18. h3 Bh5 19. g4 Bg6 20. Nh4 Ne7 21. Nxg6 Nxg6 22. Bf3 Rab8 23. d5 exd5 24. Bxa7 Rbc8 25. Bb6 Re8 26. Nxd5 Nxd5 27. Rxc8 Rxc8 28. Bxd5 Be5 29. Bxb7 Rb8 30. Rd8+ Rxd8 31. Bxd8 Bxb2 32. a4 Bd4 33. a5 Ne5 34. Bc7 Nd3 35. Bg3 Kf8 36. Kf1 Ke7 37. Ke2 Ne5 38. a6 Kd6 39. f4 Nc6 40. f5+ Ne5 41. Kd2 f6 42. Kc2 Kc7 43. h4 h6 44. h5 1/2-1/2

[Event "Brno Duras op"]
[Site "Brno"]
[Date "2016.07.02"]
[Round "8"]
[White "Mares, Jan"]
[Black "Pavlik, Vladimir"]
[Result "1/2-1/2"]
[WhiteElo "1995"]
[BlackElo "1619"]
[PlyCount "55"]
[EventDate "2016.06.25"]
[EventType "swiss"]
[EventRounds "9"]
[EventCountry "CZE"]
[SourceTitle "CBM 173 Extra"]
[Source "ChessBase"]
[SourceDate "2016.08.29"]
[SourceVersion "1"]
[SourceVersionDate "2016.08.29"]
[SourceQuality "1"]

1. Nf3 Nf6 2. g3 d6 3. Bg2 e5 4. d3 Be7 5. c4 0-0 6. Nc3 c6 7. 0-0 Nbd7 8. b4 a5 9. b5 Qc7 10. Ba3 Re8 11. Rc1 Nb6 12. Nd2 Be6 13. Qb3 Rab8 14. Rc2 Qd7 15. Na4 Nxa4 16. Qxa4 cxb5 17. cxb5 Ra8 18. Rfc1 Bd8 19. Nc4 Bxc4 20. Rxc4 Bb6 21. e3 Reb8 22. h3 Ne8 23. Qb3 Nc7 24. Rb1 Ne6 25. Bd5 Nc5 26. Bxc5 dxc5 27. Bg2 Rd8 28. Bf1 1/2-1/2

[Event "Brno Duras op"]
[Site "Brno"]
[Date "2016.06.30"]
[Round "6"]
[White "Balazec, Ludovit"]
[Black "Pavlik, Vladimir"]
[Result "1-0"]
[WhiteElo "1943"]
[BlackElo "1619"]
[PlyCount "85"]
[EventDate "2016.06.25"]
[EventType "swiss"]
[EventRounds "9"]
[EventCountry "CZE"]
[SourceTitle "CBM 173 Extra"]
[Source "ChessBase"]
[SourceDate "2016.08.29"]
[SourceVersion "1"]
[SourceVersionDate "2016.08.29"]
[SourceQuality "1"]

1. e4 d6 2. f4 Nf6 3. Nc3 Nbd7 4. d4 e5 5. Nf3 exd4 6. Nxd4 Be7 7. Be2 0-0 8. 0-0 c6 9. Kh1 Qc7 10. Be3 Re8 11. Bf3 a5 12. Nf5 Bf8 13. Ng3 b5 14. Qd2 Bb7 15. Nd1 Rad8 16. Nf2 c5 17. Qe2 Bc6 18. Rfe1 Nb6 19. b3 a4 20. Bd2 Ra8 21. Bc3 Nfd7 22. a3 axb3 23. cxb3 d5 24. e5 d4 25. Bb2 c4 26. Bxd4 Rxa3 27. Rxa3 Bxa3 28. Ra1 cxb3 29. Rxa3 Bxf3 30. Qb2 Bd5 31. Ra1 Rc8 32. Nf5 Nc5 33. Qe2 Be6 34. Nd6 Bc4 35. Qe3 Nd5 36. Qg3 Rd8 37. f5 f6 38. exf6 Nb6 39. Bxc5 Na4 40. Re1 g6 41. fxg6 h5 42. f7+ Kg7 43. Nf5+ 1-0

[Event "Brno Duras op"]
[Site "Brno"]
[Date "2015.07.04"]
[Round "8"]
[White "Pavlik, Vladimir"]
[Black "Matula, Pavel"]
[Result "1/2-1/2"]
[WhiteElo "1602"]
[BlackElo "1720"]
[PlyCount "41"]
[EventDate "2015.06.27"]
[EventType "swiss"]
[EventRounds "9"]
[EventCountry "CZE"]
[SourceTitle "CBM 167 Extra"]
[Source "ChessBase"]
[SourceDate "2015.09.14"]
[SourceVersion "1"]
[SourceVersionDate "2015.09.14"]
[SourceQuality "1"]

1. e4 e6 2. d4 d5 3. exd5 exd5 4. c4 c6 5. Bd3 Be6 6. cxd5 Bxd5 7. Nf3 Bxf3 8. Qxf3 Qxd4 9. 0-0 Nf6 10. Re1+ Be7 11. Nc3 Nbd7 12. Qe2 0-0 13. Be3 Qe5 14. Qd2 Bb4 15. Bxa7 Qa5 16. Bd4 c5 17. Be3 Ne5 18. Qc2 Nxd3 19. Qxd3 Rad8 20. Qc2 Nd5 21. Bd2 1/2-1/2

[Event "Brno Duras op"]
[Site "Brno"]
[Date "2015.07.01"]
[Round "5"]
[White "Glozar, Petr"]
[Black "Pavlik, Vladimir"]
[Result "0-1"]
[WhiteElo "1620"]
[BlackElo "1602"]
[PlyCount "96"]
[EventDate "2015.06.27"]
[EventType "swiss"]
[EventRounds "9"]
[EventCountry "CZE"]
[SourceTitle "CBM 167 Extra"]
[Source "ChessBase"]
[SourceDate "2015.09.14"]
[SourceVersion "1"]
[SourceVersionDate "2015.09.14"]
[SourceQuality "1"]

1. e4 c5 2. Nf3 Nc6 3. d4 cxd4 4. Nxd4 g6 5. Nc3 Bg7 6. Be3 Nf6 7. Bc4 Qa5 8. 0-0 0-0 9. Bb3 d6 10. h3 Bd7 11. Kh1 a6 12. a4 Rfd8 13. f4 Nxd4 14. Bxd4 Bc6 15. f5 Qc7 16. fxg6 hxg6 17. a5 Qd7 18. Bb6 Rf8 19. Qe1 e6 20. Qh4 Qe7 21. Bd4 Nd5 22. Qxe7 Nxe7 23. Bxg7 Kxg7 24. Rae1 Rh8 25. Na4 Rh4 26. Nb6 Rd8 27. Rf2 Bxe4 28. Kh2 Bc6 29. Ref1 Be8 30. g3 Rh5 31. Ba4 Nc6 32. b4 Rf5 33. Rxf5 gxf5 34. c3 Kg6 35. Bc2 Ne7 36. g4 Bc6 37. gxf5+ Nxf5 38. Bxf5+ exf5 39. Rf4 Be4 40. Kg3 Kf6 41. Kf2 Rg8 42. h4 Ke5 43. Rf3 Bxf3 44. Kxf3 Rg4 45. Nd7+ Ke6 46. Nf8+ Ke7 47. Nh7 Rxh4 48. Ng5 f6 0-1

[Event "CZE-ch U14"]
[Site "Kouty nad Desnou"]
[Date "2015.03.14"]
[Round "9"]
[White "Riha, Vojtech"]
[Black "Pavlik, Vladimir"]
[Result "1/2-1/2"]
[WhiteElo "1814"]
[BlackElo "1573"]
[PlyCount "81"]
[EventDate "2015.03.07"]
[EventType "swiss"]
[EventRounds "9"]
[EventCountry "CZE"]
[SourceTitle "EXT 2017"]
[Source "ChessBase"]
[SourceDate "2016.10.25"]
[SourceVersion "1"]
[SourceVersionDate "2016.10.25"]
[SourceQuality "1"]

1. e4 c5 2. Nf3 Nc6 3. d4 cxd4 4. Nxd4 g6 5. Ne2 Bg7 6. g3 Nf6 7. Bg2 0-0 8. Nbc3 d6 9. 0-0 a6 10. a4 Bd7 11. h3 Rc8 12. Be3 Qc7 13. b3 b6 14. Re1 Rfd8 15. Rc1 Na5 16. Nd5 Nxd5 17. exd5 Nb7 18. c4 Nc5 19. Bd4 Bxd4 20. Nxd4 e5 21. dxe6 Nxe6 22. Bd5 Re8 23. h4 Nxd4 24. Qxd4 Bc6 25. Rcd1 Rcd8 26. h5 Bxd5 27. Qxd5 Rxe1+ 28. Rxe1 Qc5 29. Re7 Qxd5 30. cxd5 b5 31. axb5 axb5 32. Rb7 Rc8 33. Rxb5 Rc5 34. Rb6 Rxd5 35. h6 f6 36. Rb8+ Kf7 37. Rh8 g5 38. Rxh7+ Kg6 39. Rh8 Rb5 40. h7 Rxb3 41. Rd8 1/2-1/2